BIOPESTICIDES handbooks
Salvato in:
| Natura: | Libro |
|---|---|
| Lingua: | inglese |
| Pubblicazione: |
CRC Press,
2015
|
| Tags: |
Aggiungi Tag
Nessun Tag, puoi essere il primo ad aggiungerne!!
|
MARC
| LEADER | 00000nam a22000007a 4500 | ||
|---|---|---|---|
| 008 | 201218b ||||| |||| 00| 0 eng d | ||
| 020 | |a ISBN: 978-1-4665-9652-8 | ||
| 245 | |a BIOPESTICIDES handbooks |c edited by Leo M. L. Nollet, Hamir Singh Rathore. |g xvi, 292p.; ill. | ||
| 260 | |b CRC Press, |c 2015 |h Boca Raton, U.S.A: |i 689853 |l SB951.145 .B52 |m Natural pesticides. | ||
| 500 | |a “It includes index and reference”. | ||
| 942 | |a ddc |c BK |e Olagoke, M.A |f 18/12/2020 | ||
| 952 | |0 0 |1 0 |2 lcc |4 0 |7 0 |9 764 |a HOL |b HOL |c QZ |d 2020-12-18 |l 0 |r 2020-12-18 00:00:00 |w 2020-12-18 |y BK | ||
| 999 | |c 432 |d 432 | ||